00494nam a2200181Ia 4500008004100000020001800041082000800059100001800067245003300085250000600118260002800124300001000152500002400162650001200186942000700198952009000205999001700295230524s9999 xx 000 0 und d a9789350140321 bSHA aSanjay Sharma 2aA Course in Computer Network a1 aNew DelhibKatsonc2012 a702p; aQuantity Number: 1 aComp-Sc cBK 00104070aTATCLbTATCLcGENd2023-05-24l0o SHAp53910r2023-05-24w2023-05-24yBK c56483d56483